| 000 | 00489nam a2200205 a 4500 | ||
|---|---|---|---|
| 005 | 20140310183300.0 | ||
| 008 | 041126s19uu xx 00 eng d | ||
| 020 | _a071009006997 | ||
| 050 |
_aBL 310 _b.B929 1967 |
||
| 100 | _aBulfinch, Thomas | ||
| 245 |
_aMythology / _cThomas Bulfinch. |
||
| 300 |
_a448 p. : _c18 cm. |
||
| 650 |
_aMythology _xRomances. |
||
| 942 |
_cBK _2lcc |
||
| 999 |
_c20954 _d20954 |
||